Creating a digital portfolio / (Record no. 175456)
[ view plain ]
| 000 -LEADER | |
|---|---|
| fixed length control field | 01044 a2200241 4500 |
| 003 - CONTROL NUMBER IDENTIFIER | |
| control field | Nust |
| 005 - DATE AND TIME OF LATEST TRANSACTION | |
| control field | 20221028142930.0 |
| 010 ## - LIBRARY OF CONGRESS CONTROL NUMBER | |
| LC control number | 96077855 |
| 020 ## - INTERNATIONAL STANDARD BOOK NUMBER | |
| International Standard Book Number | 1568303262 |
| 035 ## - SYSTEM CONTROL NUMBER | |
| System control number | (OCoLC)36571948 |
| 040 ## - CATALOGING SOURCE | |
| Transcribing agency | Nust |
| 082 ## - DEWEY DECIMAL CLASSIFICATION NUMBER | |
| Classification number | 006.6,BAR |
| 100 1# - MAIN ENTRY--PERSONAL NAME | |
| Personal name | Baron, Cynthia. |
| 9 (RLIN) | 101643 |
| 245 10 - TITLE STATEMENT | |
| Title | Creating a digital portfolio / |
| Statement of responsibility, etc. | Cynthia Baron. |
| 260 ## - PUBLICATION, DISTRIBUTION, ETC. | |
| Place of publication, distribution, etc. | Indianapolis, Ind. : |
| Name of publisher, distributor, etc. | Hayden Books, |
| Date of publication, distribution, etc. | c1996. |
| 300 ## - PHYSICAL DESCRIPTION | |
| Extent | xix, 244 p. : |
| Other physical details | ill. ; |
| Dimensions | 24 cm. + |
| Accompanying material | 1 computer laser optical disc (4 3/4 in.) |
| 505 ## - FORMATTED CONTENTS NOTE | |
| Formatted contents note | Introduction (Page-1), Developing A Good Portfolio For Any Medium (Page-9),Choosing Your Portfolio Medium (Page-25), Pre Portfolio Considerations (Page-41), Preparing Work For Disk (Page-61), Portfolio To Go (Page-95), Work On The Web (Page-117), Intellectual Property (Page-171), Finishing Touches (Page-183). |
| 650 #0 - SUBJECT ADDED ENTRY--TOPICAL TERM | |
| Topical term or geographic name entry element | Art portfolios |
| General subdivision | Design. |
| 9 (RLIN) | 101644 |
| 650 #0 - SUBJECT ADDED ENTRY--TOPICAL TERM | |
| Topical term or geographic name entry element | Computer graphics. |
| 9 (RLIN) | 1225 |
| 650 #0 - SUBJECT ADDED ENTRY--TOPICAL TERM | |
| Topical term or geographic name entry element | Design services |
| General subdivision | Marketing. |
| 9 (RLIN) | 33884 |
| 650 #0 - SUBJECT ADDED ENTRY--TOPICAL TERM | |
| Topical term or geographic name entry element | Graphic arts |
| General subdivision | Marketing. |
| 9 (RLIN) | 101645 |
| 942 ## - ADDED ENTRY ELEMENTS (KOHA) | |
| Koha item type | Reference |
| Source of classification or shelving scheme | |
| Call number prefix | 006.6,BAR |
| Withdrawn status | Lost status | Source of classification or shelving scheme | Damaged status | Not for loan | Permanent Location | Current Location | Shelving location | Date acquired | Full call number | Barcode | Date last seen | Price effective from | Koha item type | Public note |
|---|---|---|---|---|---|---|---|---|---|---|---|---|---|---|
| Military College of Signals (MCS) | Military College of Signals (MCS) | General Stacks | 12/12/2016 | 006.6,BAR | MCS26569 | 12/08/2016 | 12/12/2016 | Book | Almirah No.7, Shelf No.4 |
